| 000 | 00584cam a2200169I 4500 | ||
|---|---|---|---|
| 082 |
_a531.3 _bJAC |
||
| 100 | 1 |
_aJackson, Charles Samuel. _939859 |
|
| 245 | 1 | 2 |
_aA first dynamics, _cby C.S. Jackson and W.M. Roberts. |
| 260 |
_aLondon, _bJ.M. Dent & Co., _c1909. |
||
| 300 |
_aviii, 412 p. _bincl. illus., diagrs. _c18 cm. |
||
| 490 | 1 | _aDent's mathematical & scientific text books for schools, ed. by W.J. Greenstreet | |
| 526 |
_a0 _b0 _c0 _d531_300000000000000_JAC |
||
| 650 | 0 |
_aDynamics. _97202 |
|
| 650 | 0 |
_aMCE _9379 |
|
| 700 | 1 |
_aRoberts, Walter Meakin. _939860 |
|
| 942 |
_2ddc _cBK |
||
| 999 |
_c544275 _d544275 |
||